zpět

Detail výsledku týmu

Chicago Bar & Grill ÚT, Liberec

Datum a čas kvízu

33 Celkem bodů Celkový počet nahraných bodů na tomto kvízu bez doplňovacích otázek.
8. Pořadí na kvízu Konečné umístění týmu na tomto kvízu.

Zaznamenané odpovědi

# Otázka Odpověď Body Výsledky
1. Letitá ikonická story o „bábě... Plzeň 0
2. Ve kterém městě zahajoval Kare... v Ottawě 1
3. Jak se jmenuje seriál, do něho... Harry Potter, HBO (Max) 1
4. Jak se jmenuje horská chata le... Luční bouda 1
5. Napište jméno muže, který byl... David Trunda 0
6. Milovníci komiksů se každoročn... Comic-Con 1
7. Hlavní postavy ze seriálu Teor... Stuart 1
8. Jedním z nejoblíbenějších komi... 1D 2A 3C 4B 1
9. Jak se jmenuje muž, který nakr... Kája (Karel) Saudek 1
10. V současné době vychází v komi... Karel Jaromír Erben, Kytice 1